[Event "Open International de Liffre 2017"]
[Site "Liffre"]
[Date "2017.10.22"]
[Round "3.1"]
[White "KRYAKVIN, Dmitry"]
[Black "NEELOTPAL, Das"]
[Result "1/2-1/2"]
[BlackElo "2446"]
[WhiteElo "2583"]
[LiveChessVersion "1.4.8"]

1. d4 {[%clk 1:30:56]} Nf6 {[%clk 1:30:54]} 2. Bg5 {[%clk 1:31:20]} Ne4
{[%clk 1:30:36]} 3. Bf4 {[%clk 1:31:43]} d5 {[%clk 1:27:04]} 4. e3
{[%clk 1:32:06]} Bf5 {[%clk 1:21:05]} 5. f3 {[%clk 1:31:45]} Nf6 {[%clk 1:16:09]}
6. g4 {[%clk 1:31:55]} Bg6 {[%clk 1:09:54]} 7. h4 {[%clk 1:32:04]} h5
{[%clk 1:10:21]} 8. g5 {[%clk 1:32:22]} Nfd7 {[%clk 1:10:48]} 9. c4
{[%clk 1:29:12]} dxc4 {[%clk 1:05:02]} 10. Bxc4 {[%clk 1:27:31]} Nb6
{[%clk 1:05:27]} 11. Bb3 {[%clk 1:27:40]} c5 {[%clk 0:42:08]} 12. dxc5
{[%clk 1:20:36]} Qxd1+ 13. Kxd1 {[%clk 1:08:05]} N6d7 {[%clk 0:40:47]} 14. Bxb8
{[%clk 1:07:45]} Nxb8 {[%clk 0:35:16]} 15. Nc3 {[%clk 1:02:09]} Nc6
{[%clk 0:32:47]} 16. Rh2 {[%clk 1:00:45]} e6 {[%clk 0:31:45]} 17. Rd2
{[%clk 0:51:28]} Bxc5 {[%clk 0:31:40]} 18. Ke2 {[%clk 0:51:53]} Ke7
{[%clk 0:26:49]} 19. Nh3 {[%clk 0:50:07]} Bd6 {[%clk 0:22:52]} 20. Ba4
{[%clk 0:46:44]} Ne5 {[%clk 0:15:06]} 21. Nf4 {[%clk 0:43:41]} Rhd8
{[%clk 0:15:22]} 22. Rad1 {[%clk 0:40:52]} Rab8 {[%clk 0:10:19]} 23. Rd4
{[%clk 0:21:25]} Bc5 {[%clk 0:08:43]} 24. Nxg6+ {[%clk 0:19:56]} Nxg6
{[%clk 0:09:06]} 25. Rc4 {[%clk 0:14:57]} Bb6 {[%clk 0:07:28]} 26. Rxd8
{[%clk 0:13:05]} Rxd8 {[%clk 0:07:50]} 27. Bc2 {[%clk 0:13:25]} Ne5
{[%clk 0:07:00]} 28. Re4 {[%clk 0:13:17]} Bc7 {[%clk 0:03:49]} 29. f4
{[%clk 0:12:02]} Nc6 {[%clk 0:03:24]} 30. Ba4 {[%clk 0:11:46]} Nb8
{[%clk 0:02:13]} 31. f5 {[%clk 0:09:45]} Na6 {[%clk 0:02:30]} 32. b4
{[%clk 0:07:54]} Bg3 {[%clk 0:01:40]} 33. g6 {[%clk 0:03:29]} fxg6
{[%clk 0:01:48]} 34. Rxe6+ {[%clk 0:03:09]} Kf8 {[%clk 0:02:02]} 35. fxg6
{[%clk 0:02:54]} Nxb4 {[%clk 0:01:29]} 36. Re4 {[%clk 0:02:08]} Na6
{[%clk 0:01:23]} 37. Kf3 {[%clk 0:02:06]} Bd6 {[%clk 0:00:53]} 38. Nb5
{[%clk 0:01:50]} Be7 {[%clk 0:00:43]} 39. Re5 {[%clk 0:01:38]} Bf6
{[%clk 0:00:46]} 40. Rxh5 {[%clk 0:31:44]} Rd2 {[%clk 0:30:46]} 41. Nxa7
{[%clk 0:30:16]} Ke7 {[%clk 0:29:59]} 42. Nc8+ {[%clk 0:27:42]} Kd8
{[%clk 0:29:22]} 43. Nb6 {[%clk 0:27:27]} Nb4 {[%clk 0:28:22]} 44. a3
{[%clk 0:26:48]} Nc6 {[%clk 0:26:06]} 45. Nd5 {[%clk 0:21:30]} Ne5+
{[%clk 0:18:43]} 46. Ke4 {[%clk 0:21:53]} Nxg6 {[%clk 0:19:09]} 47. Nxf6
{[%clk 0:22:13]} gxf6 {[%clk 0:19:17]} 48. Kf5 {[%clk 0:21:11]} Ne5
{[%clk 0:16:32]} 49. Rh7 {[%clk 0:20:09]} Nc4 {[%clk 0:11:45]} 50. Kxf6
{[%clk 0:14:15]} Nxe3 {[%clk 0:10:39]} 51. Bb3 {[%clk 0:11:09]} Rf2+
{[%clk 0:06:17]} 52. Ke6 {[%clk 0:10:49]} Ng4 {[%clk 0:05:32]} 53. Rd7+
{[%clk 0:07:40]} Kc8 {[%clk 0:05:36]} 54. Rd4 {[%clk 0:07:51]} Nh6
{[%clk 0:03:50]} 55. Bd5 {[%clk 0:07:00]} b5 {[%clk 0:01:31]} 56. Rb4
{[%clk 0:04:10]} Nf5 {[%clk 0:01:21]} 57. Ke5 {[%clk 0:03:41]} Kc7
{[%clk 0:01:02]} 58. h5 {[%clk 0:03:46]} Ng3 {[%clk 0:00:46]} 59. Rxb5
{[%clk 0:02:09]} Nxh5 {[%clk 0:00:36]} 60. Rb7+ {[%clk 0:01:45]} Kc8
{[%clk 0:00:50]} 61. Rb6 {[%clk 0:01:51]} Re2+ {[%clk 0:00:38]} 62. Kd6
{[%clk 0:01:41]} Nf4 {[%clk 0:00:36]} 63. Bb7+ {[%clk 0:00:45]} Kd8
{[%clk 0:00:39]} 64. Bd5 {[%clk 0:00:45]} Kc8 {[%clk 0:01:04]} 65. Bc4
{[%clk 0:01:00]} Rd2+ {[%clk 0:01:15]} 66. Kc6 {[%clk 0:00:55]} Rc2
{[%clk 0:01:05]} 67. Kc5 {[%clk 0:01:18]} Kc7 {[%clk 0:00:46]} 68. Rf6
{[%clk 0:01:26]} Nd3+ {[%clk 0:00:49]} 69. Kd5 {[%clk 0:01:39]} Ne5
{[%clk 0:00:51]} 70. Bb5 {[%clk 0:01:44]} Ng4 {[%clk 0:00:47]} 71. Re6
{[%clk 0:02:00]} Rd2+ {[%clk 0:00:44]} 72. Kc5 {[%clk 0:02:22]} Rc2+
{[%clk 0:00:57]} 73. Bc4 {[%clk 0:02:17]} Rc3 {[%clk 0:01:26]} 74. Kb4
{[%clk 0:01:56]} Re3 {[%clk 0:01:45]} 75. Ra6 {[%clk 0:02:12]} Ne5
{[%clk 0:02:00]} 76. Bd5 {[%clk 0:02:38]} Rd3 {[%clk 0:02:02]} 77. Bh1
{[%clk 0:02:28]} Rh3 {[%clk 0:01:57]} 78. Bd5 {[%clk 0:01:45]} Rd3
{[%clk 0:02:07]} 79. Ba8 {[%clk 0:02:08]} Rd6 {[%clk 0:01:25]} 80. Rxd6
{[%clk 0:00:49]} Kxd6 {[%clk 0:01:51]} 81. Kb5 {[%clk 0:01:17]} Kc7
{[%clk 0:01:45]} 82. Bd5 {[%clk 0:01:42]} Kb8 {[%clk 0:01:29]} 83. Ka6
{[%clk 0:02:00]} Nd7 {[%clk 0:01:22]} 84. Bc6 {[%clk 0:02:26]} Ne5
{[%clk 0:00:42]} 85. Bd5 {[%clk 0:02:21]} Nd7 {[%clk 0:00:54]} 86. Bg8
{[%clk 0:02:18]} Nc5+ {[%clk 0:01:03]} 87. Kb5 {[%clk 0:02:41]} Nb7
{[%clk 0:00:49]} 88. Kb6 {[%clk 0:02:21]} Nd6 {[%clk 0:01:07]} 89. Be6
{[%clk 0:02:07]} Nc8+ {[%clk 0:01:12]} 90. Ka6 {[%clk 0:02:28]} Ne7
{[%clk 0:01:06]} 91. a4 {[%clk 0:02:50]} Kc7 {[%clk 0:01:23]} 92. Kb5
{[%clk 0:02:38]} Kb7 {[%clk 0:01:25]} 93. Bd7 {[%clk 0:02:49]} Ka7
{[%clk 0:01:27]} 94. Kc5 {[%clk 0:03:12]} Ka6 {[%clk 0:00:54]} 95. Kd6
{[%clk 0:03:37]} Ng6 {[%clk 0:01:06]} 96. Bf5 {[%clk 0:03:52]} Nh4
{[%clk 0:00:51]} 97. Bc2 {[%clk 0:04:00]} Ka5 {[%clk 0:00:59]} 98. Ke5
{[%clk 0:04:26]} Ng6+ {[%clk 0:01:02]} 99. Bxg6 {[%clk 0:04:50]} Kxa4
{[%clk 0:01:29]} 100. Ke4 1/2-1/2

[Event "Open International de Liffre 2017"]
[Site "Liffre"]
[Date "2017.10.22"]
[Round "3.2"]
[White "VENKATESH, M.R."]
[Black "NORMAND, Victor"]
[Result "1-0"]
[BlackElo "1920"]
[WhiteElo "2418"]
[LiveChessVersion "1.4.8"]

1. e4 {[%clk 1:27:20]} e6 {[%clk 1:30:37]} 2. d3 {[%clk 1:27:19]} d5
{[%clk 1:31:00]} 3. Nd2 {[%clk 1:27:45]} c5 {[%clk 1:31:24]} 4. g3
{[%clk 1:27:51]} Bd6 {[%clk 1:31:10]} 5. Ngf3 {[%clk 1:27:47]} Nc6
{[%clk 1:31:10]} 6. Bg2 {[%clk 1:28:11]} Nge7 {[%clk 1:31:32]} 7. O-O
{[%clk 1:28:32]} O-O {[%clk 1:31:08]} 8. Re1 {[%clk 1:28:53]} Qc7
{[%clk 1:30:53]} 9. c3 {[%clk 1:24:20]} d4 {[%clk 1:27:25]} 10. Nc4
{[%clk 1:17:45]} e5 {[%clk 1:26:30]} 11. Nxd6 {[%clk 1:17:32]} Qxd6
{[%clk 1:26:51]} 12. c4 {[%clk 1:17:59]} Rb8 {[%clk 1:15:15]} 13. b3
{[%clk 1:16:34]} b5 {[%clk 1:12:40]} 14. cxb5 {[%clk 1:16:07]} Rxb5
{[%clk 1:12:48]} 15. Nd2 {[%clk 1:16:22]} Ba6 {[%clk 1:09:25]} 16. Nc4
{[%clk 1:08:59]} Qc7 {[%clk 1:08:56]} 17. f4 {[%clk 1:08:50]} Rb7
{[%clk 1:07:17]} 18. f5 {[%clk 1:03:41]} Bxc4 {[%clk 1:04:17]} 19. dxc4
{[%clk 1:00:52]} f6 {[%clk 1:03:03]} 20. Rf1 {[%clk 0:55:33]} Qd6
{[%clk 0:58:30]} 21. Rf3 {[%clk 0:55:49]} Rd8 {[%clk 0:55:43]} 22. Bf1
{[%clk 0:56:01]} Nb4 {[%clk 0:53:54]} 23. a3 {[%clk 0:53:26]} Nbc6
{[%clk 0:53:15]} 24. Bd3 {[%clk 0:35:28]} Qb8 {[%clk 0:42:58]} 25. g4
{[%clk 0:28:16]} Rxb3 {[%clk 0:39:31]} 26. g5 {[%clk 0:28:36]} Kh8
{[%clk 0:32:33]} 27. Rh3 {[%clk 0:24:18]} Rxd3 {[%clk 0:30:31]} 28. Qxd3
{[%clk 0:23:59]} Qd6 {[%clk 0:29:05]} 29. Rb1 {[%clk 0:10:16]} Rb8
{[%clk 0:25:18]} 30. Rxb8+ {[%clk 0:09:57]} Qxb8 {[%clk 0:24:54]} 31. gxf6
{[%clk 0:04:53]} gxf6 {[%clk 0:24:41]} 32. Rg3 {[%clk 0:05:21]} Ng8
{[%clk 0:23:36]} 33. Rg2 {[%clk 0:05:35]} Qe8 {[%clk 0:22:14]} 34. Bd2
{[%clk 0:05:49]} Qf7 {[%clk 0:20:22]} 35. h3 {[%clk 0:05:58]} Nce7
{[%clk 0:20:42]} 36. Qb3 {[%clk 0:06:14]} Nc8 {[%clk 0:19:42]} 37. Qb8
{[%clk 0:05:21]} Qd7 {[%clk 0:18:28]} 38. a4 {[%clk 0:05:37]} d3 {[%clk 0:17:30]}
39. Bc3 {[%clk 0:03:26]} Qc6 {[%clk 0:13:17]} 40. a5 {[%clk 0:33:30]} Nge7
{[%clk 0:41:37]} 41. Qxe5 {[%clk 0:32:59]} 1-0

[Event "Open International de Liffre 2017"]
[Site "Liffre"]
[Date "2017.10.22"]
[Round "3.3"]
[White "CHETVERIK, Maxim"]
[Black "DE LAGONTRIE, Jean"]
[Result "1-0"]
[BlackElo "1797"]
[WhiteElo "2256"]
[LiveChessVersion "1.4.8"]

1. d4 {[%clk 1:30:58]} Nf6 {[%clk 1:30:46]} 2. c4 {[%clk 1:31:24]} e5
{[%clk 1:30:55]} 3. dxe5 {[%clk 1:31:49]} Ng4 {[%clk 1:31:18]} 4. Bf4
{[%clk 1:31:58]} Bb4+ {[%clk 1:31:34]} 5. Nd2 {[%clk 1:31:36]} Nc6
{[%clk 1:31:47]} 6. Ngf3 {[%clk 1:31:40]} Qe7 {[%clk 1:31:51]} 7. e3
{[%clk 1:31:57]} O-O {[%clk 1:31:04]} 8. Be2 {[%clk 1:31:49]} Ngxe5
{[%clk 1:30:51]} 9. Nxe5 {[%clk 1:30:28]} Nxe5 {[%clk 1:31:09]} 10. O-O
{[%clk 1:30:49]} d6 {[%clk 1:30:05]} 11. Nb3 {[%clk 1:30:07]} a5 {[%clk 1:21:50]}
12. a3 {[%clk 1:24:26]} Bc5 {[%clk 1:21:27]} 13. Nxc5 {[%clk 1:23:54]} dxc5
{[%clk 1:21:48]} 14. Qd5 {[%clk 1:06:43]} Ng6 {[%clk 1:21:05]} 15. Bg5
{[%clk 1:05:28]} Qe5 {[%clk 1:19:11]} 16. Qxe5 {[%clk 1:05:00]} Nxe5
{[%clk 1:19:35]} 17. Be7 {[%clk 1:05:22]} Re8 {[%clk 1:19:29]} 18. Bxc5
{[%clk 1:05:49]} Be6 {[%clk 1:18:33]} 19. Rac1 {[%clk 1:02:20]} f5
{[%clk 1:10:06]} 20. Bd4 {[%clk 0:58:55]} Nd7 {[%clk 1:05:36]} 21. Rfd1
{[%clk 0:57:15]} Kf7 {[%clk 0:59:51]} 22. Bf3 {[%clk 0:51:01]} c6
{[%clk 1:00:08]} 23. b3 {[%clk 0:50:56]} g6 {[%clk 0:59:29]} 24. Kf1
{[%clk 0:47:36]} h5 {[%clk 0:56:31]} 25. g3 {[%clk 0:47:16]} Re7 {[%clk 0:52:10]}
26. Rd2 {[%clk 0:44:08]} Ke8 {[%clk 0:39:49]} 27. Re2 {[%clk 0:39:25]} Kf7
{[%clk 0:39:40]} 28. Kg2 Nf6 {[%clk 0:31:27]} 29. Bxf6 {[%clk 0:36:36]} Kxf6
{[%clk 0:31:10]} 30. e4 {[%clk 0:36:26]} fxe4 {[%clk 0:28:19]} 31. Rxe4
{[%clk 0:35:30]} Bf5 {[%clk 0:25:48]} 32. Rd4 {[%clk 0:32:54]} Rae8
{[%clk 0:25:50]} 33. b4 {[%clk 0:31:16]} axb4 {[%clk 0:25:43]} 34. axb4
{[%clk 0:31:45]} Be4 {[%clk 0:25:04]} 35. b5 {[%clk 0:29:11]} Bxf3+
{[%clk 0:22:28]} 36. Kxf3 {[%clk 0:29:36]} cxb5 {[%clk 0:19:06]} 37. cxb5
{[%clk 0:30:05]} Re5 {[%clk 0:18:03]} 38. Rf4+ {[%clk 0:21:24]} Kg7
{[%clk 0:14:14]} 39. Rc7+ {[%clk 0:19:35]} R8e7 {[%clk 0:13:59]} 40. Rfc4
{[%clk 0:40:18]} Kh6 {[%clk 0:42:46]} 41. Rxe7 {[%clk 0:34:08]} Rxe7
{[%clk 0:43:06]} 42. Rc5 {[%clk 0:32:28]} g5 {[%clk 0:38:17]} 43. h3
{[%clk 0:32:53]} Re6 {[%clk 0:37:10]} 44. Rd5 {[%clk 0:31:17]} Kg6
{[%clk 0:33:25]} 45. g4 {[%clk 0:25:22]} h4 {[%clk 0:29:39]} 46. Kg2
{[%clk 0:24:14]} Rf6 {[%clk 0:29:35]} 47. f3 {[%clk 0:24:08]} b6 {[%clk 0:28:00]}
48. Kf2 {[%clk 0:20:00]} Re6 {[%clk 0:27:46]} 49. Rd7 {[%clk 0:14:59]} Kf6
{[%clk 0:27:21]} 50. Rc7 {[%clk 0:14:28]} Ke5 {[%clk 0:23:01]} 51. Rc6
{[%clk 0:12:32]} Kd5 {[%clk 0:20:04]} 52. Rxe6 {[%clk 0:09:12]} Kxe6
{[%clk 0:20:24]} 53. f4 {[%clk 0:09:40]} gxf4 {[%clk 0:20:20]} 54. Kf3
{[%clk 0:10:09]} Ke5 {[%clk 0:19:59]} 55. g5 {[%clk 0:10:35]} Kf5
{[%clk 0:20:15]} 56. g6 {[%clk 0:11:03]} Kxg6 {[%clk 0:20:37]} 57. Kxf4
{[%clk 0:11:32]} Kf6 {[%clk 0:17:11]} 58. Kg4 {[%clk 0:12:01]} 1-0

[Event "Open International de Liffre 2017"]
[Site "Liffre"]
[Date "2017.10.22"]
[Round "3.4"]
[White "LE MAREC, Simon"]
[Black "KARPATCHEV, Aleksandr"]
[Result "0-1"]
[BlackElo "2506"]
[WhiteElo "2234"]
[LiveChessVersion "1.4.8"]

1. d4 {[%clk 1:29:33]} d5 {[%clk 1:30:59]} 2. c4 {[%clk 1:29:55]} dxc4
{[%clk 1:31:27]} 3. e3 {[%clk 1:30:10]} e5 {[%clk 1:30:24]} 4. Bxc4
{[%clk 1:30:29]} Nc6 {[%clk 1:30:53]} 5. Qb3 {[%clk 1:22:51]} Qd7
{[%clk 1:31:00]} 6. dxe5 {[%clk 1:20:12]} Nxe5 {[%clk 1:26:37]} 7. Be2
{[%clk 1:19:09]} Nf6 {[%clk 1:12:17]} 8. Nf3 {[%clk 1:18:21]} Nxf3+
{[%clk 1:12:01]} 9. Bxf3 {[%clk 1:15:30]} c6 {[%clk 1:12:15]} 10. O-O
{[%clk 1:14:54]} Bd6 {[%clk 1:09:25]} 11. Nc3 {[%clk 1:06:17]} Qc7
{[%clk 1:03:06]} 12. h3 {[%clk 1:06:11]} Qe7 {[%clk 1:02:49]} 13. Be2
{[%clk 1:02:29]} O-O {[%clk 1:02:40]} 14. Qc2 {[%clk 1:00:02]} Re8
{[%clk 1:02:16]} 15. Bd3 {[%clk 1:00:06]} Bc7 {[%clk 0:52:19]} 16. e4
{[%clk 0:56:41]} Nh5 {[%clk 0:37:40]} 17. f4 {[%clk 0:48:09]} Qh4
{[%clk 0:36:58]} 18. e5 {[%clk 0:32:18]} Bb6+ {[%clk 0:35:58]} 19. Rf2
{[%clk 0:30:49]} Nxf4 {[%clk 0:33:39]} 20. Bxh7+ {[%clk 0:28:42]} Kh8
{[%clk 0:31:35]} 0-1

[Event "Open International de Liffre 2017"]
[Site "Liffre"]
[Date "2017.10.23"]
[Round "4.1"]
[White "KRYAKVIN, Dmitry"]
[Black "VENKATESH, M.R."]
[Result "0-1"]
[BlackElo "2418"]
[WhiteElo "2583"]
[LiveChessVersion "1.4.8"]

1. d4 {[%clk 1:30:57]} Nf6 {[%clk 1:27:30]} 2. c4 {[%clk 1:31:21]} e6
{[%clk 1:27:52]} 3. Nf3 {[%clk 1:31:31]} Bb4+ {[%clk 1:28:12]} 4. Bd2
{[%clk 1:31:54]} Qe7 {[%clk 1:28:36]} 5. g3 {[%clk 1:31:54]} Bxd2+
{[%clk 1:28:48]} 6. Qxd2 {[%clk 1:32:07]} Nc6 {[%clk 1:28:44]} 7. b3
{[%clk 1:31:05]} d5 {[%clk 1:28:51]} 8. Bg2 {[%clk 1:30:54]} O-O {[%clk 1:21:01]}
9. O-O dxc4 {[%clk 1:13:50]} 10. bxc4 {[%clk 1:31:11]} e5 {[%clk 1:14:17]} 11. d5
{[%clk 1:30:55]} Nb8 {[%clk 1:14:42]} 12. Nc3 {[%clk 1:30:33]} Na6
{[%clk 1:14:15]} 13. h3 {[%clk 1:15:36]} Ne8 {[%clk 1:03:07]} 14. Qe3
{[%clk 1:07:59]} f6 {[%clk 1:03:08]} 15. g4 {[%clk 0:55:38]} Qa3 {[%clk 0:45:49]}
16. Nd2 {[%clk 0:47:39]} Nd6 {[%clk 0:42:52]} 17. Nce4 {[%clk 0:44:43]} Qxe3
{[%clk 0:37:10]} 18. fxe3 {[%clk 0:45:09]} f5 {[%clk 0:36:45]} 19. Ng5
{[%clk 0:42:11]} fxg4 {[%clk 0:31:21]} 20. Rxf8+ {[%clk 0:23:25]} Kxf8
{[%clk 0:30:50]} 21. Nxh7+ {[%clk 0:14:07]} Ke7 {[%clk 0:30:36]} 22. Ng5
{[%clk 0:14:10]} gxh3 {[%clk 0:26:10]} 23. Bxh3 {[%clk 0:14:36]} Bxh3
{[%clk 0:25:45]} 24. Nxh3 {[%clk 0:15:01]} Nc5 {[%clk 0:25:44]} 25. Nf3
{[%clk 0:12:37]} Rh8 {[%clk 0:20:06]} 26. Nf2 {[%clk 0:11:11]} e4
{[%clk 0:17:58]} 27. Nd4 {[%clk 0:09:55]} Rh5 {[%clk 0:16:09]} 28. Nb3
{[%clk 0:09:07]} b6 {[%clk 0:11:06]} 29. Nxc5 {[%clk 0:09:32]} bxc5
{[%clk 0:11:35]} 30. Rc1 {[%clk 0:09:55]} Kd7 {[%clk 0:11:36]} 31. Rc3
{[%clk 0:10:10]} Rg5+ {[%clk 0:05:43]} 32. Kh2 {[%clk 0:10:17]} c6
{[%clk 0:05:00]} 33. Nh3 {[%clk 0:09:23]} Rh5 {[%clk 0:05:05]} 34. dxc6+
{[%clk 0:07:40]} Kxc6 {[%clk 0:05:33]} 35. Kg3 {[%clk 0:07:37]} g5
{[%clk 0:02:54]} 36. Nf2 {[%clk 0:05:04]} Rh4 {[%clk 0:03:11]} 37. Kg2
{[%clk 0:04:17]} Nf5 {[%clk 0:00:54]} 38. Ra3 {[%clk 0:03:50]} Kd6
{[%clk 0:00:51]} 39. Nh3 {[%clk 0:01:52]} Ke5 {[%clk 0:00:43]} 40. Nf2
{[%clk 0:31:10]} g4 {[%clk 0:30:44]} 41. Rb3 {[%clk 0:27:47]} a6 {[%clk 0:17:13]}
42. Ra3 {[%clk 0:27:00]} g3 {[%clk 0:17:07]} 43. Nh3 {[%clk 0:27:00]} Rh6
{[%clk 0:17:22]} 44. Ra5 {[%clk 0:23:59]} Rc6 {[%clk 0:15:05]} 45. Ra3
{[%clk 0:22:47]} Rg6 {[%clk 0:15:24]} 46. Nf4 {[%clk 0:16:17]} Nxe3+
{[%clk 0:08:59]} 47. Rxe3 {[%clk 0:16:41]} Kxf4 {[%clk 0:09:27]} 48. Rb3
{[%clk 0:16:53]} e3 {[%clk 0:09:01]} 49. Rb8 {[%clk 0:16:48]} Ke4
{[%clk 0:09:17]} 50. Rd8 {[%clk 0:16:40]} Rf6 {[%clk 0:09:04]} 51. Kxg3
{[%clk 0:16:53]} Rf2 {[%clk 0:09:26]} 52. Rd5 {[%clk 0:17:00]} Rxe2
{[%clk 0:09:50]} 53. Rxc5 {[%clk 0:17:08]} Rf2 {[%clk 0:09:42]} 54. Rc8
{[%clk 0:16:54]} Rf1 {[%clk 0:09:56]} 55. Re8+ {[%clk 0:15:18]} Kd3
{[%clk 0:10:20]} 56. Rd8+ {[%clk 0:15:44]} Kxc4 {[%clk 0:10:11]} 57. Rc8+
{[%clk 0:15:50]} Kd3 {[%clk 0:10:36]} 58. Rd8+ {[%clk 0:16:12]} Kc2
{[%clk 0:10:59]} 59. Rc8+ {[%clk 0:16:24]} Kd1 {[%clk 0:11:22]} 60. Rd8+
{[%clk 0:16:41]} Ke1 {[%clk 0:11:31]} 61. Rd6 {[%clk 0:16:36]} e2
{[%clk 0:11:28]} 62. Kg2 {[%clk 0:16:47]} Rf7 {[%clk 0:08:23]} 63. Rxa6
{[%clk 0:16:38]} Rg7+ {[%clk 0:08:23]} 64. Kh2 {[%clk 0:16:20]} Re7
{[%clk 0:08:37]} 0-1

[Event "Open International de Liffre 2017"]
[Site "Liffre"]
[Date "2017.10.23"]
[Round "4.2"]
[White "NEELOTPAL, Das"]
[Black "CHETVERIK, Maxim"]
[Result "1-0"]
[BlackElo "2256"]
[WhiteElo "2446"]
[LiveChessVersion "1.4.8"]

1. Nf3 {[%clk 1:30:55]} f5 {[%clk 1:30:57]} 2. b3 {[%clk 1:29:44]} Nf6
{[%clk 1:31:21]} 3. Bb2 {[%clk 1:30:11]} e6 {[%clk 1:31:47]} 4. g3
{[%clk 1:30:21]} b6 {[%clk 1:31:36]} 5. Bg2 {[%clk 1:30:44]} Bb7 {[%clk 1:32:03]}
6. O-O {[%clk 1:31:07]} Be7 {[%clk 1:32:30]} 7. c4 {[%clk 1:31:11]} O-O
{[%clk 1:32:15]} 8. Qc2 {[%clk 1:30:36]} Qe8 {[%clk 1:29:43]} 9. Nc3
{[%clk 1:26:43]} Qh5 {[%clk 1:29:34]} 10. Rad1 {[%clk 1:23:24]} Ng4
{[%clk 1:22:08]} 11. h3 {[%clk 1:21:39]} Nf6 {[%clk 1:20:41]} 12. d4
{[%clk 1:21:45]} g5 {[%clk 1:13:16]} 13. d5 {[%clk 1:16:14]} g4 {[%clk 1:13:17]}
14. Nh2 {[%clk 1:13:21]} gxh3 {[%clk 1:12:09]} 15. Bf3 {[%clk 1:13:27]} Ng4
{[%clk 1:01:58]} 16. d6 {[%clk 1:10:42]} Bxf3 {[%clk 0:59:40]} 17. dxe7
{[%clk 1:09:54]} Re8 {[%clk 1:00:08]} 18. exf3 {[%clk 1:01:59]} Nxh2
{[%clk 1:00:08]} 19. Kxh2 {[%clk 1:02:23]} Qxf3 {[%clk 0:59:57]} 20. Rg1
{[%clk 1:02:48]} Rxe7 {[%clk 1:00:03]} 21. g4 {[%clk 1:01:34]} fxg4
{[%clk 0:55:01]} 22. Rg3 {[%clk 0:56:36]} Qf5 {[%clk 0:54:51]} 23. Ne4
{[%clk 0:54:59]} h5 {[%clk 0:51:12]} 24. f3 {[%clk 0:54:42]} Kf8 {[%clk 0:41:24]}
25. fxg4 {[%clk 0:53:46]} hxg4 {[%clk 0:41:50]} 26. Rd2 {[%clk 0:46:26]} Rf7
{[%clk 0:39:43]} 27. Rf2 {[%clk 0:42:47]} Qg6 {[%clk 0:38:09]} 28. Qe2
{[%clk 0:39:20]} Rxf2+ {[%clk 0:33:39]} 29. Nxf2 {[%clk 0:39:33]} Nc6
{[%clk 0:33:40]} 30. Nxg4 {[%clk 0:39:23]} Ke7 {[%clk 0:29:57]} 31. Ne5
{[%clk 0:38:24]} Nxe5 {[%clk 0:29:40]} 32. Rxg6 {[%clk 0:37:35]} Nxg6
{[%clk 0:30:04]} 33. Qh5 {[%clk 0:37:45]} Nf8 {[%clk 0:29:50]} 34. Qf3
{[%clk 0:37:59]} Rb8 {[%clk 0:28:16]} 35. Bf6+ {[%clk 0:37:54]} Kd6
{[%clk 0:27:09]} 36. Bg7 {[%clk 0:38:14]} 1-0

[Event "Open International de Liffre 2017"]
[Site "Liffre"]
[Date "2017.10.23"]
[Round "4.3"]
[White "KARPATCHEV, Aleksandr"]
[Black "LEGKY, Nikolay A"]
[Result "1-0"]
[BlackElo "2404"]
[WhiteElo "2506"]
[LiveChessVersion "1.4.8"]

1. e4 c5 2. c3 d5 3. exd5 Qxd5 4. d4 Nc6 5. Nf3 Bf5 {[%clk 1:30:39]} 6. Be3
{[%clk 1:31:04]} Nf6 {[%clk 1:31:00]} 7. Na3 {[%clk 1:30:42]} e6 {[%clk 1:31:07]}
8. Be2 {[%clk 1:30:51]} cxd4 {[%clk 1:21:27]} 9. Nb5 {[%clk 1:30:28]} Qd7
{[%clk 1:17:34]} 10. Nbxd4 {[%clk 1:26:20]} Be4 {[%clk 1:15:06]} 11. O-O
{[%clk 1:23:49]} Bd6 {[%clk 0:57:14]} 12. Nb5 {[%clk 1:21:05]} Bb8
{[%clk 0:40:59]} 13. Qa4 {[%clk 1:10:26]} O-O {[%clk 0:36:44]} 14. Bc5
{[%clk 1:08:03]} Re8 {[%clk 0:24:38]} 15. Rad1 {[%clk 1:01:07]} Qc8
{[%clk 0:25:04]} 16. Nd6 {[%clk 1:01:07]} Bxd6 {[%clk 0:25:29]} 17. Bxd6
{[%clk 1:01:32]} Rd8 {[%clk 0:25:29]} 18. Bg3 {[%clk 0:57:47]} Ne7
{[%clk 0:22:58]} 19. Be5 {[%clk 0:43:22]} Bc6 {[%clk 0:22:39]} 20. Qb4
{[%clk 0:43:13]} Ng6 {[%clk 0:22:42]} 21. Rxd8+ {[%clk 0:35:51]} Qxd8
{[%clk 0:23:11]} 22. Rd1 {[%clk 0:36:10]} Qe8 {[%clk 0:23:35]} 23. Qd4
{[%clk 0:34:45]} Bxf3 {[%clk 0:20:54]} 24. Bxf3 {[%clk 0:35:01]} Nxe5
{[%clk 0:21:23]} 25. Qxe5 {[%clk 0:35:18]} Rd8 {[%clk 0:21:50]} 26. Rxd8
{[%clk 0:25:27]} Qxd8 {[%clk 0:22:19]} 27. g3 {[%clk 0:23:24]} b6
{[%clk 0:22:38]} 28. c4 {[%clk 0:22:51]} h6 {[%clk 0:19:17]} 29. Kg2
{[%clk 0:22:38]} Qd3 {[%clk 0:11:47]} 30. b3 {[%clk 0:17:26]} Qd7
{[%clk 0:10:26]} 31. h3 {[%clk 0:17:35]} Ne8 {[%clk 0:10:07]} 32. Qb8
{[%clk 0:13:40]} Kf8 {[%clk 0:07:17]} 33. Qa8 {[%clk 0:12:36]} Ke7
{[%clk 0:07:45]} 34. Bc6 {[%clk 0:09:26]} Nc7 {[%clk 0:08:13]} 35. Qb7
{[%clk 0:09:48]} Qd6 {[%clk 0:08:32]} 36. b4 {[%clk 0:07:30]} Kf6
{[%clk 0:06:27]} 37. b5 {[%clk 0:05:24]} Ke5 {[%clk 0:06:09]} 38. Qxa7
{[%clk 0:05:12]} Kd4 {[%clk 0:06:38]} 39. Qxb6+ {[%clk 0:05:24]} Kxc4
{[%clk 0:07:06]} 40. Qb7 {[%clk 0:32:42]} e5 {[%clk 0:31:41]} 41. b6
{[%clk 0:31:03]} Na6 {[%clk 0:24:40]} 42. Qxa6+ {[%clk 0:31:14]} 1-0

[Event "Open International de Liffre 2017"]
[Site "Liffre"]
[Date "2017.10.23"]
[Round "4.4"]
[White "LALIC, Bogdan"]
[Black "GAHAN, M.G."]
[Result "1/2-1/2"]
[BlackElo "2281"]
[WhiteElo "2438"]
[LiveChessVersion "1.4.8"]

1. c4 {[%clk 1:28:03]} Nf6 {[%clk 1:30:22]} 2. Nc3 {[%clk 1:28:23]} e5
{[%clk 1:30:33]} 3. Nf3 {[%clk 1:28:46]} Nc6 {[%clk 1:30:54]} 4. e4
{[%clk 1:29:10]} Bc5 {[%clk 1:29:41]} 5. Nxe5 {[%clk 1:29:29]} Nxe5
{[%clk 1:28:30]} 6. d4 {[%clk 1:29:53]} Bb4 {[%clk 1:27:04]} 7. dxe5
{[%clk 1:30:16]} Nxe4 {[%clk 1:27:12]} 8. Qf3 {[%clk 1:30:39]} d5
{[%clk 1:16:23]} 9. Be2 {[%clk 1:30:15]} Qe7 {[%clk 1:11:21]} 10. O-O
{[%clk 1:24:29]} Bxc3 {[%clk 1:08:54]} 11. bxc3 {[%clk 1:24:54]} O-O
{[%clk 1:04:10]} 12. Bf4 {[%clk 1:23:43]} g5 {[%clk 0:57:22]} 13. cxd5
{[%clk 1:22:44]} f5 {[%clk 0:57:45]} 14. Be3 {[%clk 1:13:29]} Qxe5
{[%clk 0:57:32]} 15. Bc4 {[%clk 1:13:49]} Nd6 {[%clk 0:52:59]} 16. Bb3
{[%clk 1:12:06]} g4 {[%clk 0:47:37]} 17. Qf4 {[%clk 1:08:35]} Qxf4
{[%clk 0:47:15]} 18. Bxf4 {[%clk 1:09:01]} a5 {[%clk 0:43:48]} 19. a4
{[%clk 1:09:00]} Re8 {[%clk 0:40:40]} 20. c4 {[%clk 1:08:58]} b6 {[%clk 0:38:40]}
21. Rfc1 {[%clk 1:05:39]} Re4 {[%clk 0:37:34]} 22. g3 {[%clk 1:06:00]} Rb8
{[%clk 0:35:51]} 23. Bc2 {[%clk 1:00:23]} Rxc4 24. Bd3 Rc5 25. Rxc5 bxc5 26. Rc1
Rb3 27. Bf1 c4 28. Bxd6 cxd6 29. Bxc4 1/2-1/2